| 000 | 00815cam a2200229 4500 | ||
|---|---|---|---|
| 001 | ABS68235 | ||
| 008 | 040924n2004 000 0 eng u | ||
| 035 | _a(Sirsi) u127512 | ||
| 100 | _aAgar, J. | ||
| 245 | _aLand surveying measured up and mapped out: an inside view from a surveyor | ||
| 260 | _c2004 | ||
| 490 |
_aGeo Informatics _v7(6) September 2004, 6-9(4) |
||
| 520 | _aAims to give a greater insight into the land surveying profession and its activities. Looks at the process of land surveying from data capture through processing, manipulation and analysis to its presentation and archiving. | ||
| 590 | _aABS | ||
| 590 | _aABS | ||
| 650 | _aLAND SURVEYING | ||
| 650 | _aPROFESSIONAL SKILLS | ||
| 650 | _aDATA PROCESSING | ||
| 650 | _aCAREERS | ||
| 690 | _aEDUCATION-CAREERS | ||
| 942 | _n0 | ||
| 999 |
_c118048 _d118048 |
||